El anticristo según el Apocalipsis. Los grandes acontecimientos del fin del mundo

-д хадгалсан:
Номзүйн дэлгэрэнгүй
Үндсэн зохиолч: Gentilini, Bernardo (Зохиогч)
Формат: Ном
Хэл сонгох:испани
Хэвлэсэн: Santiago Apostolado de la Prensa, Delicias 2303 1924
Хэвлэл:1a. ed
Нөхцлүүд:
Шошгууд: Шошго нэмэх
Шошго байхгүй, Энэхүү баримтыг шошголох эхний хүн болох!

MARC

LEADER 00000nam a2200000 a 4500
001 UCJ6168
003 CL-VaPUC
008 070124e19240000CL |||||||||||||||||spa|d
082 0 4 |a 228  |b GEN  |2 21 
100 |a Gentilini, Bernardo  |e author  |9 583942 
245 1 3 |a El anticristo según el Apocalipsis. Los grandes acontecimientos del fin del mundo  
250 |a 1a. ed 
300 |a 250 p 
942 |c BK 
945 |d 20070124 00:00:00  |a rinostro 
260 |a Santiago  |b Apostolado de la Prensa, Delicias 2303  |c 1924 
650 0 |a Sagradas escrituras  |9 349657 
650 0 |a Apocalipsis (Revelación)  |9 314500 
650 0 |a Escatología  |9 314395 
583 |a last modification  |c 20070124 00:00:00  |k Rodrigo Vera 
999 |c 322276  |d 322274 
952 |0 0  |1 0  |4 0  |6 228_000000000000000_GEN_1924  |7 0  |8 X  |9 401232  |a FDOBUD  |b FDOBUD  |d 2019-11-22  |i 1044451  |o 228 GEN 1924  |p 1044451  |r 2019-11-22  |w 2019-11-22  |y BK_X  |k BUD